বিশ্বরাজনীতি ও বাংলাদেশ / (Record no. 104065)
[ view plain ]
| 000 -LEADER | |
|---|---|
| fixed length control field | 00746nam a22002057a 4500 |
| 003 - CONTROL NUMBER IDENTIFIER | |
| control field | BD-DhUL |
| 005 - DATE AND TIME OF LATEST TRANSACTION | |
| control field | 20170820135852.0 |
| 008 - FIXED-LENGTH DATA ELEMENTS--GENERAL INFORMATION | |
| fixed length control field | 160126s2001 bg a|||| |||| 000 0 ben |
| 020 ## - INTERNATIONAL STANDARD BOOK NUMBER | |
| International Standard Book Number | 9844102383 |
| 040 ## - CATALOGING SOURCE | |
| Original cataloging agency | BD-DhUL |
| Transcribing agency | BD-DhUL |
| 082 ## - DEWEY DECIMAL CLASSIFICATION NUMBER | |
| Classification number | 954.92 |
| Item number | HUB |
| 100 1# - MAIN ENTRY--PERSONAL NAME | |
| Personal name | হক, মুহম্মদ শামসুউল |
| 245 10 - TITLE STATEMENT | |
| Title | বিশ্বরাজনীতি ও বাংলাদেশ / |
| Statement of responsibility, etc. | মুহম্মদ শামসউল হক |
| 260 ## - PUBLICATION, DISTRIBUTION, ETC. (IMPRINT) | |
| Place of publication, distribution, etc. | ঢাকা : |
| Name of publisher, distributor, etc. | মাওলা ব্রাদার্স, |
| Date of publication, distribution, etc. | ২০০১ |
| 300 ## - PHYSICAL DESCRIPTION | |
| Extent | ১৩৫ পৃ. : |
| Dimensions | ২১ সেমি. |
| 365 ## - TRADE PRICE | |
| Price type code | BDT |
| Price amount | 150.00 |
| 650 #0 - SUBJECT ADDED ENTRY--TOPICAL TERM | |
| Topical term or geographic name as entry element | Bangladesh |
| Form subdivision | History |
| 650 #0 - SUBJECT ADDED ENTRY--TOPICAL TERM | |
| Topical term or geographic name as entry element | বাংলাদেশ-ইতিহাস |
| 942 ## - ADDED ENTRY ELEMENTS (KOHA) | |
| Source of classification or shelving scheme | |
| Koha item type | Books |
| Price effective from | Date last seen | Permanent Location | Not for loan | Date acquired | Source of classification or shelving scheme | Koha item type | Lost status | Withdrawn status | Copy number | Source of acquisition | Collection code | Damaged status | Shelving location | Barcode | Current Location | Full call number |
|---|---|---|---|---|---|---|---|---|---|---|---|---|---|---|---|---|
| 2016-09-04 | 2016-09-04 | Dhaka University Library | 2016-09-04 | Books | 9 | purchased | Non Fiction | General Stacks | 456277 | Dhaka University Library | 954.92 HUB | |||||
| 2016-09-04 | 2016-09-04 | Dhaka University Library | 2016-09-04 | Books | 8 | purchased | Non Fiction | General Stacks | 456276 | Dhaka University Library | 954.92 HUB | |||||
| 2016-09-05 | 2016-09-05 | Dhaka University Library | 2016-09-05 | Books | 1 | Purchased | Non Fiction | General Stacks | 412117 | Dhaka University Library | 954.92 HUB | |||||
| 2016-09-05 | 2016-09-05 | Dhaka University Library | 2016-09-05 | Books | 2 | Purchased | Non Fiction | General Stacks | 412118 | Dhaka University Library | 954.92 HUB | |||||
| 2016-09-05 | 2016-09-05 | Dhaka University Library | 2016-09-05 | Books | 6 | Purchased | Non Fiction | General Stacks | 450027 | Dhaka University Library | 954.92 HUB | |||||
| 2016-09-18 | 2016-09-18 | Dhaka University Library | 2016-09-18 | Books | 4 | Purchased | Non Fiction | General Stacks | 412120 | Dhaka University Library | 954.92 HUB | |||||
| 2016-09-18 | 2016-09-18 | Dhaka University Library | 2016-09-18 | Books | 3 | purchased | Non Fiction | General Stacks | 412119 | Dhaka University Library | 954.92 HUB | |||||
| 2016-09-18 | 2016-09-18 | Dhaka University Library | 2016-09-18 | Books | 5 | purchased | Non Fiction | General Stacks | 412121 | Dhaka University Library | 954.92 HUB | |||||
| 2016-09-20 | 2016-09-20 | Dhaka University Library | 2010-06-16 | Books | 7 | Purchased | Non Fiction | General Stacks | 450028 | Dhaka University Library | 954.92 HUB |
